[Event "Vienna Advent op"]
[Site "Vienna"]
[Date "2023.12.12"]
[Round "2"]
[White "Amankos, Zhanbolat"]
[Black "Mandukhai, Myagmarsuren"]
[Result "0-1"]
[WhiteElo "1330"]
[BlackElo "2078"]
[PlyCount "68"]
[EventDate "2023.12.11"]
[EventType "swiss"]
[EventRounds "7"]
[EventCountry "AUT"]
[SourceTitle "CBM 217 Extra"]
[Source "ChessBase"]
[SourceDate "2024.01.31"]
[SourceVersion "1"]
[SourceVersionDate "2024.01.31"]
[SourceQuality "1"]

1. d4 d5 2. Bf4 c5 3. e3 Nc6 4. c3 Nf6 5. Nd2 e6 6. Ngf3 Bd6 7. Bxd6 Qxd6 8. Be2 0-0 9. 0-0 e5 10. dxe5 Nxe5 11. Nxe5 Qxe5 12. Nf3 Qc7 13. Qc2 h6 14. Rfd1 Be6 15. c4 Rad8 16. Rac1 b6 17. a3 Rfe8 18. h3 Qb7 19. cxd5 Bxd5 20. Qf5 Qc7 21. Qc2 Qc8 22. Qa4 a5 23. Qb5 Qe6 24. b4 axb4 25. axb4 Ne4 26. bxc5 bxc5 27. Qa5 Nxf2 28. Rxd5 Rxd5 29. Bc4 Qxe3 30. Re1 Rd1 31. Kf1 Nd3 32. Bxd3 Qxd3+ 33. Kf2 Rdxe1 34. Nxe1 Qe2+ 0-1